000 00507nam a2200181 a 4500
005 20140412111239.0
008 001115s19uu xx 00 eng d
020 _a0-394-80045-6
050 _aER
_bBa11 1967
100 _aBrunhoff, Laurent de
245 _aBarbar loses his crown /
_cLaurent de Brunhoff.
260 _aNew York :
_bBeginner Books,
_c1967.
300 _a63 p.; ill. col.
650 _aElephant -- Stories
650 _aFrench -- Fiction
650 _aCrowns--Fiction
999 _c102640
_d102640